Pokémon - Les attaques de Cabriolaine - Statistiques

Statistiques générales
  • Ce quiz a été pris 15 fois
  • Le résultat moyen est 12 sur 16
Statistiques - réponses
Niveaux Types Noms des attaques % Correct
Niveau 22 Normal Bélier
100%
Départ Normal Charge
100%
Niveau 7 Plante Fouet Lianes
100%
Niveau 38 Normal Damoclès
88%
Niveau 42 Plante Encornebois
88%
Niveau 9 Normal Mimi-Queue
88%
Niveau 26 Sol Piétisol
88%
Niveau 13 Plante Tranch'Herbe
88%
Niveau 12 Plante Vampigraine
88%
Niveau 30 Plante Canon Graine
75%
Niveau 16 Plante Soucigraine
75%
Niveau 20 Plante Synthèse
75%
Niveau 50 Normal Lait à Boire
50%
Niveau 34 Combat Gonflette
38%
Niveau 45 Plante Lame-Feuille
38%
Départ Normal Croissance
13%
Aucun quiz correspondant
Distribution des résultats
% des personnes avec chaque résultat
Percentile par nombre de réponses
Votre historique - résultats
Vous n’avez pas pris ce quiz